Statistiques concernant Géographie européenne par lettre - T

Cliquez ici pour prendre le quiz!

Statistiques générales

  • Ce quiz a été pris 747 fois
  • Le résultat moyen est 12 sur 20

Statistiques - réponses

indicerépondre% Correct
Le fleuve de LondresTamise
96%
3% de ce pays est en EuropeTurquie
90%
Monument au centre de la place Charles de GaulleArc de {Triomphe}
88%
Capitale de l'AlbanieTirana
87%
TGV, au completTrain à Grande Vitesse
84%
Région italienne de Florence et PiseToscane
79%
Ville hôte des Jeux Olympiques d'hiver italiensTurin
79%
Fleur souvent associée aux Pays-Bastulipe
77%
Deuxième langue maternelle la plus répandue en Allemagneturc
73%
Pour assurer un retour à Rome, jetez une pièce dans cette fontainefontaine de {Trevi}
70%
Accueil de l'industrie aérospatiale européenneToulouse
65%
Région historique de la Roumanie centraleTransylvanie
61%
Emplacement de la colonne de Nelson{Trafalgar} Square
54%
Deuxième ville de GrèceThessalonique
44%
Port italien à la frontière slovèneTrieste
43%
Ville espagnole près de Madrid; El Greco l'a peintTolède
31%
Cette capitale s'appelait Réval jusqu'en 1918Tallinn
29%
Mer Méditerranée sur la côte ouest de l'Italiemer {Tyrrhénienne}
24%
Le fleuve de NewcastleTyne
13%
La plus grande ville intérieur de FinlandeTampere
11%

Distribution des résultats

Percentile par nombre de réponses

% des personnes avec chaque résultat

Votre développement - résultats

Vous n’avez pas pris ce quiz